Best Selling Video Games - Statistics

General Stats
  • This quiz has been taken 25 times
  • The average score is 4 of 15
Answer Stats
Units Sold Game % Correct
58M Super Mario Bros
71%
238M Minecraft
67%
155M Grand Theft Auto V
48%
42,071,635M Pac-Man
48%
82,900M Wii Sports
33%
34,850M Animal Crossing New Horizons
14%
37,380M Mario Kart Wii
14%
35M Terraria
14%
47,200M Mario Kart 8
10%
47,520M Pokémon Red and Blue
10%
70M PUBG
10%
39M Red Dead Redemption 2
10%
100M Tetris EA
10%
43M Tetris Nintendo
10%
43,800M Wii Fit
10%
No matching quizzes found
Score Distribution
Percent of People with Each Score
Percentile by Number Answered
Your Score History
You have not taken this quiz